00504nam a2200157 i 4500001000300000100002300003245007100026260002100097040000800118041000800126942000700134008004100141999001700182856009800199952004900297bg1 aKUBASIEWICZ, Maria 0aKartoteka selekcyjna obrzeżnie perforowana /cMaria Kubasiewicz. aWarszawa,c1977. cBPK apol cKS s pl f |000 0 pol  c17600d17600 uhttp://koha.tu.koszalin.pl/cgi-bin/koha/opac-detail.pl?biblionumber=17600yKatalog online BPK 00104070aBPKbBPKcwo22710p02188157yKS